00564nam a2200217Ia 4500001000900000003000500009005001700014008004100031010001100072020001800083040000900101082001400110100002900124245006900153260004800222300001100270503000800281650001600289650002700305650001400332dia_2977CHAP20251023171925.0220117s2001 xx 000 0 und d a173481 a84-7356-270-4 cCHAP a658.15 N3 aNavarro Garcia, Fernando aEstrategias de Marketing Ferial /c por Fernando Navarro Garcia aMadrid, España :b ESIC Editorial,c2001 a317 p. aC/e a1.Mercadeo  aDesarrollo económico aMercados